Catálogo
 En Linea

La irrenunciabilidad de los derechos en la jurisprudencia laboral dominicana / (Registro nro. 58808)

Detalles MARC
000 -CABECERA
campo de control de longitud fija 01628nab a2200289 a 4500
001 - NÚMERO DE CONTROL
campo de control a166536
003 - IDENTIFICADOR DEL NÚMERO DE CONTROL
campo de control INTEC
005 - FECHA Y HORA DE LA ÚLTIMA TRANSACCIÓN
campo de control 20250425121534.0
006 - CÓDIGOS DE INFORMACIÓN DE LONGITUD FIJA--CARACTERÍSTICAS DEL MATERIAL ADICIONAL
campo de control de longitud fija a|||||r|||| 00| 0
007 - CAMPO FIJO DE DESCRIPCIÓN FÍSICA--INFORMACIÓN GENERAL
campo de control de longitud fija ta
008 - DATOS DE LONGITUD FIJA--INFORMACIÓN GENERAL
campo de control de longitud fija 171124e2017 xxu|||p|r||||||0| 0 spa d
022 ## - NÚMERO INTERNACIONAL NORMALIZADO PARA PUBLICACIONES SERIADAS
Número Internacional Normalizado para Publicaciones Seriadas 1991-5292
040 ## - FUENTE DE LA CATALOGACIÓN
Centro catalogador/agencia de origen DO-SdINT
Centro/agencia transcriptor DO-SdINT
Centro/agencia modificador DO-SdBNP
Normas de descripción rda
041 ## - CÓDIGO DE LENGUA
Código de lengua del texto/banda sonora o título independiente spa
044 ## - CÓDIGO DEL PAÍS DE LA ENTIDAD EDITORA/PRODUCTORA
Código MARC del país dr
245 ## - MENCIÓN DE TÍTULO
Título La irrenunciabilidad de los derechos en la jurisprudencia laboral dominicana /
Mención de responsabilidad, etc. Domingo Antonio Gil.
264 ## - PRODUCCIÓN, PUBLICACIÓN, DISTRIBUCIÓN, FABRICACIÓN Y COPYRIGHT
Producción, publicación, distribución, fabricación y copyright Santo Domingo, República Dominicana :
Nombre del de productor, editor, distribuidor, fabricante Poder Judicial,
Fecha de producción, publicación, distribución, fabricación o copyright ene.-jun. 2017.
300 ## - DESCRIPCIÓN FÍSICA
Extensión página. 72-80.
336 ## - TIPO DE CONTENIDO
Término de tipo de contenido texto
Código de tipo de contenido txt
Fuente rdacontent
337 ## - TIPO DE MEDIO
Nombre/término del tipo de medio sin mediación
Código del tipo de medio n
Fuente rdamedia
338 ## - TIPO DE SOPORTE
Nombre/término del tipo de soporte volumen
Código del tipo de soporte nc
Fuente rdacarrier
362 ## - FECHAS DE PUBLICACIÓN Y/O DESIGNACIÓN SECUENCIAL
Fecha de publicación y/o designación secuencial ene.-jun. 2017.
520 ## - SUMARIO, ETC.
Sumario, etc. Tiene el propósito de analizar el comportamiento de la jurisprudencia de la Suprema Corte de Justicia respecto del principio de la irrenunciabilidad de derechos de materia laboral, consagrado por el V principio fundamental del Código de trabajo. Se analiza la jurisprudencia de principio de dicho tribunal y la atenuación de esta mediante una jurisprudencia de excepción. Se procura, además, poner de manifiesto los criterios inconscientes y a veces veleidosos de esta jurisprudencia, la cual parece más apegada a una valoración de oportunidad pragmática que de legalidad. A ignorancia de muchos operadores impide entender en su plenitud los genuinos alcances del derecho inmobiliario.
650 #0 - PUNTO DE ACCESO ADICIONAL DE MATERIA--TÉRMINO DE MATERIA
Término de materia o nombre geográfico como elemento de entrada Jurisprudencia laboral dominicana
9 (RLIN) 87533
Subdivisión de forma Publicaciones periódicas
773 0# - ENLACE AL DOCUMENTO FUENTE/ENTRADA DE REGISTRO ANFITRIÓN
Parte(s) relacionada(s) 7 (13) ; ene.-jun. 2017, p. 72-80
Título Justicia & razón
Número de control del registro u2030
942 ## - ELEMENTOS DE PUNTO DE ACCESO ADICIONAL (KOHA)
Fuente del sistema de clasificación o colocación Dewey Decimal Classification
Tipo de ítem Koha Publicación periódica
Existencias
Estado de retiro Estado de pérdida Fuente del sistema de clasificación o colocación Estado dañado Restricciones de uso No para préstamo Código de colección Localización permanente Ubicación/localización actual Fecha de adquisición Enumeración/cronología de publicación seriada Total de préstamos Fecha visto por última vez Número de copia Precio válido a partir de Tipo de ítem Koha
    Dewey Decimal Classification   Préstamo en sala   Hemeroteca Biblioteca Nacional Pedro Henríquez Ureña Biblioteca Nacional Pedro Henríquez Ureña 25.04.2025 Año 7, Número. 13, enero-junio 2017   25.04.2025 e.1 25.04.2025 Publicación periódica

Con tecnología Koha